When one strays into your life/ (Record no. 163969)

MARC details
000 -LEADER
fixed length control field 00567nam a2200181 4500
005 - DATE AND TIME OF LATEST TRANSACTION
control field 20190507164644.0
010 ## - LCCN (DPL NO)
LC control number ENG-125133
020 ## - INTERNATIONAL STANDARD BOOK NUMBER
International Standard Book Number 9788192034225
Terms of availability 160.00
035 ## - SYSTEM CONTROL NUMBER
System control number EN-108665
037 ## - SOURCE OF ACQUISITION
Source of stock number/acquisition DBAD/PUB
082 ## - DEWEY DECIMAL CLASSIFICATION NUMBER
Classification number 881
100 ## - MAIN ENTRY--PERSONAL NAME
Personal name Panikkar, G.N.
245 ## - TITLE STATEMENT
Title When one strays into your life/
Statement of responsibility, etc G.N.Panikar
260 ## - PUBLICATION, DISTRIBUTION, ETC. (IMPRINT)
Place of publication, distribution, etc Thiruvananthapuram
Name of publisher, distributor, etc Folio
Date of publication, distribution, etc 2011
270 ## - ADDRESS
Address TJRA 135, Palace Gardens, Pipinmoodu
City Thiruvananthapuram
Postal code 695010
Telephone number 0471-2725383
Electronic mail address foliobooks@gmail.com
300 ## - PHYSICAL DESCRIPTION
Extent 128p.
Dimensions 22cm(pbk)
942 ## - ADDED ENTRY ELEMENTS (KOHA)
Source of classification or shelving scheme Dewey Decimal Classification
Item type English Books
Classification part 881
Call number suffix PAN
Holdings
Withdrawn status Lost status Not for loan Collection code Home library Current library Date acquired Source of acquisition Cost, normal purchase price Full call number Barcode Copy number Cost, replacement price Koha item type
    Not For Loan Non-fiction D.B.Act.Division D.B.Act.Division 07/05/2019 DBAD/PUB 160.00 881 PAN EN-108665 1 160.00 English Books

© Delhi Public Library
Hit Counter
free hit counter